| 000 | 00929cam a22002775a 4500 | ||
|---|---|---|---|
| 001 | 19069977 | ||
| 005 | 20180417112820.0 | ||
| 008 | 160428s2017 enk frb 001 0 eng d | ||
| 010 | _a 2016018225 | ||
| 020 | _a9781119069409 (cloth) | ||
| 040 |
_aDLC _beng _cDLC _dEG-ScBUE |
||
| 082 | 0 | 4 |
_a662.9 _bGRA _222 |
| 245 | 0 | 0 |
_aGraphene oxide : _bfundamentals and applications / _cedited by Ayrat M. Dimiev, Siegfried Eigler. |
| 260 |
_aChichester, West Sussex : _bJohn Wiley & Sons, Inc., _c2017. |
||
| 300 |
_axix, 439 p. ; _c25 cm. |
||
| 504 | _aIncludes bibliographical references and index. | ||
| 650 | 7 |
_aGraphene. _2BUEsh |
|
| 650 | 7 |
_aGraphene _xOxidation. _2BUEsh |
|
| 650 | 7 |
_aGraphene _xIndustrial applications. _2BUEsh |
|
| 651 | _2BUEsh | ||
| 653 |
_bENGCHE _cApril2018 |
||
| 655 |
_vText book _933728 |
||
| 700 | 1 |
_aEigler, Siegfried, _d1978- _eeditor. |
|
| 700 | 1 |
_aDimiev, Ayrat M., _d1965- _eeditor. |
|
| 942 | _2ddc | ||
| 999 |
_c26526 _d26498 |
||